| 000 | 01899nam0a2200349 4500 | ||
|---|---|---|---|
| 001 | RU\NLR\bibl\728866 | ||
| 005 | 20250613235004.0 | ||
| 021 |
_aRU _b2004-42913 _92132 |
||
| 035 | _aRSL-KNO-002454189 | ||
| 035 | _a(NLR Aleph) 000718844 | ||
| 090 |
_a690070 _c690070 |
||
| 100 | _a20040721d2004 |||y0rusy50 ca | ||
| 101 | 0 | _arus | |
| 102 | _aRU | ||
| 105 | _aa ||||||||| | ||
| 106 | _ar | ||
| 200 | 1 |
_aСовершенствование концептуально-правовых основ миграционной системы России _eмонография _fМ. Л. Тюркин _gМ-во внутр. дел Рос. Федерации, Гос. учреждение "ВНИИ" |
|
| 210 |
_aМ. _cВНИИ МВД России _cУОП РИО ВНИИ МВД России _d2004 |
||
| 215 |
_a114, [2] с. _cил. _d21 |
||
| 320 | _aБиблиогр.: с. 109-114 и в подстроч. прим. | ||
| 606 | 0 |
_aНаселение _xМиграция _xПравовое регулирование _yРоссийская Федерация _92242895 _3RU\NLR\auth\661345748 |
|
| 610 | 0 | _aГосударство и право. юридические науки -- Административное право -- Российская Федерация -- Организация управления в области администартивно-политической деятельости государства -- Управление в области охраны общественного порядка -- Паспортная система | |
| 686 |
_aХ621.163.12,0 _2rubbk |
||
| 686 | _aХ621.164.043 | ||
| 700 | 1 |
_aТюркин _bМ. Л. _gМихаил Леонидович _4070 |
|
| 801 | 0 |
_aRU _bRuMoRKP _c20040721 _grcr |
|
| 801 | 1 |
_aRU _bRuMoRGB _c20040721 |
|
| 801 | 2 |
_aRU _bNLR _c20050224 _gPSBO |
|
| 942 | _cBOOK | ||
| 980 | _aNB | ||